[Event "4NCL Online Division 4"]
[Site "online"]
[Date "2021.11.16"]
[EventDate "2021.11.16"]
[Round "7.42"]
[White "Levy, Christopher A"]
[WhiteElo "1849"]
[WhiteTeam "Hackney Hackers"]
[Black "Cooper, Malcolm H"]
[BlackElo "1796"]
[BlackTeam "Farnham B"]
[Result "1-0"]
[PlyCount "73"]

1. d4 Nf6 2. Bf4 d5 3. e3 c5 4. c3 Nc6 5. Nd2 Bf5 6. Ngf3 cxd4 7. exd4 e6 8. Qb3 Qc8 9. Nh4 Be7 10. Nxf5 exf5 11. Be2 O-O 12. O-O Bd8 13. Nf3 h6 14. Ne5 g5 15. Nxc6 bxc6 16. Be5 Ne4 17. Qa3 Re8 18. f3 Be7 19. Qa4 Nd6 20. Bd3 f6 21. Bg3 f4 22. Bf2 f5 23. c4 Bf6 24. c5 Nf7 25. Qc2 Nd8 26. Bxf5 Qb7 27. Rfe1 Rxe1+ 28. Rxe1 Nf7 29. Re6 Bg7 30. Qe2 Kf8 31. b3 Rd8 32. Qd3 Kg8 33. g3 fxg3 34. hxg3 Qc7 35. Kg2 Qd7 36. Rxh6 Qc7 37. Re6 1-0

[Event "4NCL Online Division 4"]
[Site "online"]
[Date "2021.11.16"]
[EventDate "2021.11.16"]
[Round "7.43"]
[White "Frostick, Helen M"]
[WhiteElo "1707"]
[WhiteTeam "Farnham B"]
[Black "Figueroa, Edison"]
[BlackElo "1791"]
[BlackTeam "Hackney Hackers"]
[Result "0-1"]
[PlyCount "60"]

1. e4 c5 2. Nf3 e6 3. c3 Nf6 4. e5 Nd5 5. g3 Nc6 6. Bg2 Qc7 7. Qe2 a6 8. O-O Be7 9. d4 O-O 10. dxc5 Bxc5 11. c4 Nde7 12. Nbd2 Ng6 13. Re1 Nd4 14. Qd3 Nc6 15. Qe4 b5 16. Nb3 Ba7 17. cxb5 axb5 18. Be3 Bb7 19. Bxa7 Nxa7 20. Qe2 Qb6 21. h4 h6 22. Rac1 Bd5 23. Nfd4 Bxg2 24. Kxg2 Nc6 25. Nxc6 dxc6 26. a3 Rfd8 27. Rc5 Ra4 28. Rec1 Ne7 29. f4 b4 30. Qf2 bxa3 0-1

[Event "4NCL Online Division 4"]
[Site "online"]
[Date "2021.11.16"]
[EventDate "2021.11.16"]
[Round "7.44"]
[White "Conway, Paul Bernard"]
[WhiteElo "1833"]
[WhiteTeam "Hackney Hackers"]
[Black "Young, Jonathan G"]
[BlackElo "1521"]
[BlackTeam "Farnham B"]
[Result "1-0"]
[PlyCount "93"]

1. e4 c6 2. d4 d5 3. exd5 cxd5 4. Bd3 Nf6 5. h3 g6 6. Nf3 Bg7 7. O-O O-O 8. Re1 Nc6 9. c3 Bd7 10. Bf4 Re8 11. Nbd2 Qc8 12. Qc2 Bxh3 13. gxh3 Qxh3 14. Bh2 Ng4 15. Bf1 Qh5 16. Bg2 e5 17. dxe5 Nxh2 18. Nxh2 Nxe5 19. Qd1 Qg5 20. Ndf3 Nxf3+ 21. Nxf3 Qf5 22. Qd2 Rad8 23. Rxe8+ Rxe8 24. Re1 Rxe1+ 25. Nxe1 d4 26. cxd4 Qb1 27. Kh2 Bxd4 28. Qxd4 Qxe1 29. Bxb7 Qa5 30. Bd5 Qc7+ 31. Kg2 Qe7 32. b4 Qg5+ 33. Kf1 Qc1+ 34. Ke2 Qc2+ 35. Qd2 Qa4 36. Bb3 Qe8+ 37. Kd1 Qe4 38. Qd5 Qe7 39. b5 Qf6 40. Ke2 Qb2+ 41. Kf1 Qf6 42. a4 Qa1+ 43. Kg2 Qf6 44. a5 h5 45. Qxf7+ Qxf7 46. Bxf7+ Kxf7 47. b6 1-0

[Event "4NCL Online Division 4"]
[Site "online"]
[Date "2021.11.16"]
[EventDate "2021.11.16"]
[Round "7.51"]
[White "Rudd, David R"]
[WhiteElo "1687"]
[WhiteTeam "Hertford 2"]
[Black "MacLeod, Alasdair"]
[BlackElo "1821"]
[BlackTeam "Deaf England 1"]
[Result "1/2-1/2"]
[PlyCount "46"]

1. b4 e5 2. Bb2 Bxb4 3. Bxe5 Nf6 4. Nf3 O-O 5. e3 d5 6. c4 Be7 7. cxd5 Nxd5 8. Be2 c5 9. O-O Nc6 10. Bb2 Bf5 11. d4 Ndb4 12. Na3 Bf6 13. Qb3 Be6 14. Qd1 Nxa2 15. Bc4 Bxc4 16. Nxc4 Nab4 17. dxc5 Bxb2 18. Nxb2 Qe7 19. Qd6 Rfd8 20. Qxe7 Nxe7 21. Rfd1 Na6 22. Rxd8+ Rxd8 23. Nd4 Nxc5 1/2-1/2

[Event "4NCL Online Division 4"]
[Site "online"]
[Date "2021.11.16"]
[EventDate "2021.11.16"]
[Round "7.52"]
[White "Dwek, Ilan G"]
[WhiteElo "1664"]
[WhiteTeam "Deaf England 1"]
[Black "Wooster, Nick"]
[BlackElo "1643"]
[BlackTeam "Hertford 2"]
[Result "0-1"]
[PlyCount "90"]

1. e4 c5 2. Nf3 d6 3. d4 cxd4 4. Nxd4 a6 5. c4 Nf6 6. Nc3 e6 7. Be2 Be7 8. O-O O-O 9. Be3 Nc6 10. Qd2 Bd7 11. Rad1 Qc7 12. Kh1 Ne5 13. b3 Neg4 14. Bg5 Bc8 15. h3 Ne5 16. f4 Ng6 17. f5 Ne5 18. Nf3 Rd8 19. Qe3 b6 20. Rd2 Bb7 21. fxe6 fxe6 22. Nxe5 dxe5 23. Rfd1 Rxd2 24. Rxd2 Rd8 25. Bxf6 Bxf6 26. Rxd8+ Qxd8 27. Qd3 Qd4 28. g4 Be7 29. Kg2 Bc5 30. Qxd4 exd4 31. Nd1 Bxe4+ 32. Bf3 Bb1 33. Nf2 Bxa2 34. Bd1 Bb1 35. Kf3 Kf7 36. Ne4 h6 37. Nxc5 bxc5 38. Kf4 Kf6 39. h4 e5+ 40. Kf3 e4+ 41. Kf4 g5+ 42. hxg5+ hxg5+ 43. Kg3 Ke5 44. Kf2 Kf4 45. Ke1 Ke3 0-1

[Event "4NCL Online Division 4"]
[Site "online"]
[Date "2021.11.16"]
[EventDate "2021.11.16"]
[Round "7.53"]
[White "Marshall, Duncan"]
[WhiteElo "1652"]
[WhiteTeam "Hertford 2"]
[Black "Freund, Michael P"]
[BlackElo "1692"]
[BlackTeam "Deaf England 1"]
[Result "0-1"]
[PlyCount "130"]

1. d4 e6 2. e3 d5 3. Bd3 Nf6 4. Nd2 c5 5. c3 Nc6 6. f4 Bd6 7. Ndf3 O-O 8. Ne5 cxd4 9. exd4 Ne7 10. Ngf3 Ne4 11. Qc2 f6 12. Ng4 Bd7 13. O-O g6 14. Nf2 Nxf2 15. Rxf2 Qc7 16. g3 Rac8 17. Qe2 Nf5 18. Bd2 Rfe8 19. Bb5 a6 20. Bxd7 Qxd7 21. Re1 Bf8 22. Qf1 Nd6 23. Qh3 Ne4 24. Rfe2 b5 25. Bc1 Rc6 26. Nd2 Nxd2 27. Bxd2 Qf7 28. Qg4 f5 29. Qf3 a5 30. a3 Qb7 31. Re3 b4 32. axb4 axb4 33. b3 bxc3 34. Rxc3 Rxc3 35. Qxc3 Bg7 36. b4 Rc8 37. Qe3 Rc6 38. Bc3 Qc8 39. Rc1 Rc4 40. Kf1 Kf7 41. Ke2 Qa8 42. Rc2 Bxd4 43. Qd2 Bxc3 44. Rxc3 Qc6 45. Rxc4 Qxc4+ 46. Kf3 Ke7 47. Qb2 d4 48. b5 Qc3+ 49. Qxc3 dxc3 50. Ke3 Kd6 51. Kd3 Kc5 52. Kxc3 Kxb5 53. Kd4 Kc6 54. Ke5 Kd7 55. Kf6 Kd6 56. Kg7 e5 57. fxe5+ Kxe5 58. Kxh7 g5 59. Kg6 f4 60. gxf4+ gxf4 61. h4 f3 62. h5 f2 63. h6 f1=Q 64. h7 Qf6+ 65. Kh5 Qg7 0-1

[Event "4NCL Online Division 4"]
[Site "online"]
[Date "2021.11.16"]
[EventDate "2021.11.16"]
[Round "7.54"]
[White "Hunter, Gary"]
[WhiteElo "1465"]
[WhiteTeam "Deaf England 1"]
[Black "Hutton, Allan"]
[BlackElo "1549"]
[BlackTeam "Hertford 2"]
[Result "1/2-1/2"]
[PlyCount "93"]

1. Nf3 d5 2. d4 Nf6 3. g3 h6 4. Bg2 Bf5 5. c4 e6 6. O-O c6 7. cxd5 exd5 8. Nc3 Bd6 9. Re1 O-O 10. Nh4 Bh7 11. e4 dxe4 12. Nxe4 Nxe4 13. Bxe4 Bxe4 14. Rxe4 Re8 15. Qe2 Nd7 16. Nf5 Rxe4 17. Qxe4 Nf6 18. Qd3 Bf8 19. Bd2 Qd5 20. b3 Ne4 21. Ne3 Qe6 22. Bc1 Nf6 23. Bb2 Nd5 24. Re1 Re8 25. Ng2 Qd7 26. Re5 g6 27. Qe2 Nc7 28. Rxe8 Qxe8 29. Kf1 Bg7 30. Qxe8+ Nxe8 31. Ke2 f5 32. f4 Kf7 33. Nh4 Nd6 34. Nf3 Bf6 35. h4 Ne4 36. Ne5+ Bxe5 37. dxe5 Nxg3+ 38. Kf3 Ne4 39. b4 a6 40. a4 h5 41. Ke3 Ke6 42. Bd4 Kd5 43. a5 Ke6 44. Kd3 Kd5 45. Ke3 Ke6 46. Kd3 Kd5 47. Ke3 1/2-1/2

[Event "4NCL Online Division 4"]
[Site "online"]
[Date "2021.11.16"]
[EventDate "2021.11.16"]
[Round "7.61"]
[White "Siddle, Michael"]
[WhiteElo "1395"]
[WhiteTeam "Bishop Knights"]
[Black "Foster, Brian E"]
[BlackElo "1574"]
[BlackTeam "Uxbridge Cyclones"]
[Result "1-0"]
[PlyCount "151"]

1. c4 Nf6 2. g3 e6 3. Bg2 d5 4. d4 c6 5. Nc3 Be7 6. Nf3 Nbd7 7. cxd5 exd5 8. O-O O-O 9. Re1 Re8 10. Bd2 Nb6 11. b3 Bf5 12. Ng5 h6 13. e4 dxe4 14. Ngxe4 Nxe4 15. Nxe4 Qxd4 16. Bc3 Qxd1 17. Raxd1 Nd5 18. Bb2 Bb4 19. Re2 Kf8 20. a3 Ba5 21. b4 Bb6 22. Rde1 Bxe4 23. Bxe4 Nc7 24. Kg2 Ne6 25. Bc2 Bd4 26. Bc1 Rad8 27. Bb3 Bc3 28. Rd1 Rxd1 29. Bxd1 Nd4 30. Rxe8+ Kxe8 31. f3 Nb5 32. Kf2 Nc7 33. Ke2 Nd5 34. Kd3 Bf6 35. Bb3 Ne7 36. Ke4 a6 37. h3 Nc8 38. g4 Nd6+ 39. Kd3 Nb5 40. Bd1 Nd4 41. Bb2 Nb5 42. Bxf6 gxf6 43. a4 Nc7 44. Bb3 Ke7 45. Kd4 Ne6+ 46. Bxe6 fxe6 47. Kc5 Kd7 48. Kb6 Kc8 49. Kc5 Kc7 50. a5 f5 51. f4 Kd7 52. Kb6 Kc8 53. g5 hxg5 54. fxg5 f4 55. g6 f3 56. g7 f2 57. g8=Q+ Kd7 58. Qf7+ Kd6 59. Qxf2 e5 60. h4 Kd5 61. h5 e4 62. Qe3 Ke5 63. h6 Kf6 64. Qxe4 Kf7 65. h7 Kg7 66. Kxb7 Kh8 67. Kxa6 c5 68. bxc5 Kg7 69. c6 Kh8 70. c7 Kg7 71. c8=Q Kf7 72. Qeb7+ Kf6 73. h8=Q+ Kg5 74. Qbg7+ Kf4 75. Qce8 Kf3 76. Qhf8# 1-0

[Event "4NCL Online Division 4"]
[Site "online"]
[Date "2021.11.16"]
[EventDate "2021.11.16"]
[Round "7.62"]
[White "Nandi, Asoke K"]
[WhiteElo "1407"]
[WhiteTeam "Uxbridge Cyclones"]
[Black "Edmundson, Deborah"]
[BlackElo "1329"]
[BlackTeam "Bishop Knights"]
[Result "0-1"]
[PlyCount "32"]

1. e4 c5 2. Nf3 a6 3. d4 cxd4 4. Nxd4 e5 5. Nf3 Nc6 6. c3 Nf6 7. Bd3 d5 8. exd5 Qxd5 9. Qc2 e4 10. Be2 exf3 11. Bxf3 Qe6+ 12. Be3 Be7 13. O-O O-O 14. Re1 Qf5 15. Qc1 Ne5 16. Nd2 Nd3 0-1

[Event "4NCL Online Division 4"]
[Site "online"]
[Date "2021.11.16"]
[EventDate "2021.11.16"]
[Round "7.63"]
[White "Burnett, John"]
[WhiteElo "1181"]
[WhiteTeam "Bishop Knights"]
[Black "Hasan, Abu"]
[BlackElo "1402"]
[BlackTeam "Uxbridge Cyclones"]
[Result "0-1"]
[PlyCount "116"]

1. c4 e5 2. Nc3 Nc6 3. e3 Nf6 4. h3 Be7 5. Nf3 d5 6. d4 exd4 7. exd4 O-O 8. Bd3 Re8 9. O-O Ne4 10. Nxd5 Bd6 11. Re1 f5 12. Bxe4 fxe4 13. Bg5 Ne7 14. Rxe4 c6 15. Nf6+ gxf6 16. Bxf6 Qc7 17. c5 Bf4 18. Be5 Bxe5 19. Rxe5 Bf5 20. Nh4 Bg6 21. Nxg6 Nxg6 22. Qb3+ Qf7 23. Rxe8+ Rxe8 24. Qg3 Kh8 25. b3 Nf4 26. Kh2 Rg8 27. Qxg8+ Qxg8 28. g3 Nd3 29. Kg1 Qg6 30. Rd1 Qf5 31. Rd2 Nb4 32. Re2 Qb1+ 33. Kg2 Qg6 34. a3 Nd5 35. Kh2 Kg7 36. h4 Qd3 37. Re5 Qxd4 38. Rg5+ Kh6 39. Rf5 Qxc5 40. b4 Qe7 41. Kg2 Nf6 42. Kh3 Qe6 43. g4 Kg7 44. f3 Qb3 45. Rg5+ Kf7 46. Rf5 Ke6 47. h5 Qc2 48. Rc5 Qf2 49. Rf5 Qf1+ 50. Kg3 Nd5 51. Rf8 Ke7 52. Rf5 Qg1+ 53. Kh4 Qh2+ 54. Kg5 Qd2+ 55. f4 h6+ 56. Kxh6 Nxf4 57. Re5+ Kd6 58. Rg5 Ne6 0-1

[Event "4NCL Online Division 4"]
[Site "online"]
[Date "2021.11.16"]
[EventDate "2021.11.16"]
[Round "7.71"]
[White "Williams, Philip J"]
[WhiteElo "1834"]
[WhiteTeam "Camborne Pendarves"]
[Black "Soulier, Alfred"]
[BlackElo "1698"]
[BlackTeam "KCS U13A"]
[Result "0-1"]
[PlyCount "160"]

1. d4 Nf6 2. c4 g6 3. Nc3 Bg7 4. e4 d6 5. Be2 O-O 6. Bg5 h6 7. Be3 e5 8. d5 Na6 9. g4 Nc5 10. f3 a5 11. Nh3 Bd7 12. Nf2 Qe7 13. h4 Rac8 14. Rc1 Rfd8 15. Rh2 c6 16. Nh1 cxd5 17. cxd5 Qe8 18. Ng3 b5 19. g5 Nh7 20. gxh6 Bf8 21. h5 g5 22. Nf5 b4 23. Nb1 f6 24. Nd2 Bxf5 25. exf5 Bxh6 26. Ne4 Nxe4 27. fxe4 Rxc1 28. Bxc1 Rc8 29. Be3 Qd7 30. Qb3 Rb8 31. a4 Qc7 32. Bd3 Qf7 33. Qc4 Qd7 34. Qc6 Qd8 35. Rc2 Nf8 36. Qc7 Nh7 37. Qxd8+ Rxd8 38. Rc7 Ra8 39. b3 Bf8 40. Bb6 g4 41. Kf2 Ng5 42. Kg3 Kh8 43. Kxg4 Bh6 44. Rc6 Rg8 45. Kh4 Nf3+ 46. Kh3 Bf4 47. Bf2 Ng5+ 48. Kg2 Nxe4+ 49. Kf1 Nd2+ 50. Ke2 Rg5 51. Rc2 Nxb3 52. Kf3 Rxh5 53. Bc4 Nd2+ 54. Ke2 Nxc4 55. Rxc4 Rh2 56. Kf1 Rh1+ 57. Ke2 Ra1 58. Rc8+ Kg7 59. Bb6 b3 60. Rc7+ Kh6 61. Bxa5 b2 62. Rb7 Rxa4 63. Bc3 Bc1 64. Bxb2 Ra2 65. Rc7 Bxb2 66. Rc2 Kg5 67. Kd3 Ra3+ 68. Ke4 Bd4 69. Rg2+ Kh6 70. Rh2+ Kg7 71. Rg2+ Kf7 72. Re2 Re3+ 73. Rxe3 Bxe3 74. Kxe3 Kg7 75. Kf3 Kh6 76. Kg4 e4 77. Kf4 Kh5 78. Ke3 Kg5 79. Kxe4 Kg4 80. Ke3 Kxf5 0-1

[Event "4NCL Online Division 4"]
[Site "online"]
[Date "2021.11.16"]
[EventDate "2021.11.16"]
[Round "7.72"]
[White "Kumar, Sanjit S"]
[WhiteElo "1677"]
[WhiteTeam "KCS U13A"]
[Black "Robinson, Neil"]
[BlackElo "1711"]
[BlackTeam "Camborne Pendarves"]
[Result "1-0"]
[PlyCount "87"]

1. d4 Nf6 2. c4 g6 3. Nc3 d5 4. Nf3 Bg7 5. Qb3 dxc4 6. Qxc4 O-O 7. e4 Nfd7 8. Be3 Nb6 9. Qb3 Bg4 10. Rd1 Bxf3 11. gxf3 Nc6 12. d5 Ne5 13. Be2 Qc8 14. f4 Ng4 15. Bxb6 cxb6 16. h3 Nf6 17. e5 Nh5 18. Bxh5 gxh5 19. Ne4 Qf5 20. Qf3 h4 21. Rg1 h6 22. Qg2 Qh7 23. f5 Kh8 24. f6 exf6 25. exf6 Rfe8 26. Qxg7+ Qxg7 27. fxg7+ Kg8 28. f3 f5 29. Rd4 Rac8 30. Kd2 fxe4 31. fxe4 Rc7 32. d6 Rd7 33. Rg6 Kh7 34. g8=Q+ Rxg8 35. Rxg8 Kxg8 36. e5 Kf7 37. Ke3 Ke6 38. Ke4 a5 39. Rc4 Rg7 40. Rc7 Rxc7 41. dxc7 Kd7 42. Kf5 Kxc7 43. Kf6 Kd7 44. Kf7 1-0

[Event "4NCL Online Division 4"]
[Site "online"]
[Date "2021.11.16"]
[EventDate "2021.11.16"]
[Round "7.73"]
[White "Macphail, Kieran"]
[WhiteElo "1675"]
[WhiteTeam "Camborne Pendarves"]
[Black "Patel, Zain"]
[BlackElo "1571"]
[BlackTeam "KCS U13A"]
[Result "1-0"]
[PlyCount "139"]

1. e4 e5 2. Nf3 Nc6 3. Nc3 Nf6 4. d4 exd4 5. Nxd4 Bb4 6. Nxc6 bxc6 7. Bd3 O-O 8. O-O Re8 9. Bg5 d5 10. exd5 cxd5 11. Nxd5 Qxd5 12. Bxf6 Bb7 13. Qg4 Qxg2+ 14. Qxg2 Bxg2 15. Kxg2 gxf6 16. Rad1 Re5 17. Bc4 Bd6 18. Rd3 Rh5 19. Rh3 Rg5+ 20. Kh1 Rb8 21. b3 Rd8 22. Bd3 h5 23. Rg1 Kg7 24. Rxh5 Rxg1+ 25. Kxg1 Rh8 26. Rxh8 Kxh8 27. Kg2 Kg7 28. h3 Kh6 29. Kf3 Kg5 30. Bc4 Kg6 31. a4 Bc5 32. Kg3 f5 33. f3 Be3 34. Bd5 f4+ 35. Kg2 f6 36. Kf1 a5 37. Ke2 Kg5 38. Kd3 Kh4 39. Be6 Kg3 40. Ke4 c5 41. Bg4 Kh4 42. Kf5 Kg3 43. Kxf6 Bd4+ 44. Kg5 c4 45. bxc4 Bb6 46. h4 Bd8+ 47. Kf5 Kxh4 48. Kxf4 Bb6 49. Ke5 Kg5 50. Kd6 Bf2 51. c5 Kf6 52. c6 Bg3+ 53. Kd7 Be5 54. c7 Bxc7 55. Kxc7 Ke5 56. Kb6 Kd4 57. Kxa5 Kc5 58. Bf5 Kc6 59. Kb4 Kb6 60. c4 Ka6 61. f4 Kb6 62. Be6 Kc7 63. f5 Kd6 64. c5+ Kc6 65. a5 Kb7 66. Kb5 Ka7 67. a6 Kb8 68. f6 Ka8 69. Kb6 Kb8 70. f7 1-0

[Event "4NCL Online Division 4"]
[Site "online"]
[Date "2021.11.16"]
[EventDate "2021.11.16"]
[Round "7.74"]
[White "Poghosyan, Jake"]
[WhiteElo "1488"]
[WhiteTeam "KCS U13A"]
[Black "Pope, Martin"]
[BlackElo "1658"]
[BlackTeam "Camborne Pendarves"]
[Result "1-0"]
[PlyCount "75"]

1. c4 Nf6 2. Nc3 d5 3. cxd5 Nxd5 4. g3 Nxc3 5. bxc3 e5 6. Nf3 Nd7 7. e4 c5 8. Bg2 b6 9. d4 exd4 10. cxd4 cxd4 11. Nxd4 Bb7 12. O-O Be7 13. Nf5 O-O 14. a4 Bc5 15. Qg4 g6 16. Nh6+ Kg7 17. Qh3 Bd4 18. Rb1 Nc5 19. Ng4 Kh8 20. Qh6 Bg7 21. Qf4 Nd3 22. Qe3 Nxc1 23. Rbxc1 Rc8 24. Rcd1 Qe7 25. e5 Bxg2 26. Kxg2 h5 27. Nf6 Bxf6 28. Qh6+ Kg8 29. exf6 Qxf6 30. Rd3 Rfd8 31. Rf3 Qg7 32. Qg5 Re8 33. Rd1 Rc5 34. Qf4 Rf5 35. Qc7 Rxf3 36. Kxf3 Qf6+ 37. Kg2 Rd8 38. Qxd8+ 1-0

[Event "4NCL Online Division 4"]
[Site "online"]
[Date "2021.11.16"]
[EventDate "2021.11.16"]
[Round "7.81"]
[White "Hart-Davis, Adam"]
[WhiteElo "1701"]
[WhiteTeam "Plymouth 2"]
[Black "Bray, David"]
[BlackElo "2005"]
[BlackTeam "Braunstone 1"]
[Result "0-1"]
[PlyCount "68"]

1. e4 c5 2. b4 cxb4 3. a3 d5 4. exd5 Qxd5 5. Bb2 e5 6. axb4 Bxb4 7. Nc3 Bxc3 8. Bxc3 Nc6 9. Bd3 Qxg2 10. Qf3 Qxf3 11. Nxf3 f6 12. O-O Bg4 13. Kg2 Nge7 14. Bc4 O-O-O 15. h3 Bf5 16. d3 g5 17. Nh2 h5 18. Rfe1 Nd5 19. Bd2 Nb6 20. Bb3 a6 21. Be3 Nd4 22. Bxd4 Rxd4 23. Nf3 Rd6 24. Nd2 Nd5 25. Bxd5 Rxd5 26. Ne4 Bxe4+ 27. Rxe4 Rc5 28. Rc1 Kd7 29. Rb4 b5 30. Rb2 a5 31. Ra1 Ra8 32. Rd1 Kc6 33. d4 Rd8 34. Ra2 a4 0-1

[Event "4NCL Online Division 4"]
[Site "online"]
[Date "2021.11.16"]
[EventDate "2021.11.16"]
[Round "7.82"]
[White "Tang, Julian"]
[WhiteElo "1772"]
[WhiteTeam "Braunstone 1"]
[Black "Wood, Paul E"]
[BlackElo "1579"]
[BlackTeam "Plymouth 2"]
[Result "1-0"]
[PlyCount "87"]

1. e4 c5 2. Nf3 d6 3. Bc4 Nf6 4. Nc3 g6 5. h3 Bg7 6. O-O O-O 7. Re1 Nc6 8. d4 cxd4 9. Nxd4 Bd7 10. Be3 a6 11. a3 Rc8 12. Ba2 b5 13. Nxc6 Bxc6 14. Qd3 Rb8 15. Bd4 Rb7 16. Bd5 Qd7 17. Rac1 e5 18. Be3 a5 19. b4 Ra8 20. Ra1 Qc8 21. Bd2 a4 22. Rac1 Nh5 23. Qf3 Bxd5 24. Nxd5 Qe6 25. c4 bxc4 26. Rxc4 f5 27. Rec1 Rf8 28. Nc7 Qf7 29. exf5 Qxf5 30. Qd5+ Kh8 31. Be3 Rbb8 32. g4 Qd7 33. gxh5 Qf5 34. hxg6 Qxg6+ 35. Rg4 Qh5 36. Qg2 Bh6 37. Kh2 Bxe3 38. fxe3 Rg8 39. Nd5 Rg6 40. Rxg6 hxg6 41. Rc7 e4 42. Nf4 Qh6 43. Nxg6+ Kg8 44. Qxe4 1-0

[Event "4NCL Online Division 4"]
[Site "online"]
[Date "2021.11.16"]
[EventDate "2021.11.16"]
[Round "7.83"]
[White "Caleshu, Caleb"]
[WhiteElo "1521"]
[WhiteTeam "Plymouth 2"]
[Black "Pyun, Lindsay"]
[BlackElo "1753"]
[BlackTeam "Braunstone 1"]
[Result "1/2-1/2"]
[PlyCount "73"]

1. d4 d5 2. c4 c6 3. Nf3 Nf6 4. g3 Bf5 5. Bg2 e6 6. O-O Be7 7. Nc3 O-O 8. b3 Nbd7 9. Bb2 h6 10. Re1 Bb4 11. a3 Ba5 12. b4 Bc7 13. c5 e5 14. e3 Re8 15. a4 Bg4 16. Qb3 Rb8 17. a5 a6 18. Na4 Bxf3 19. Bxf3 e4 20. Bg2 Nh7 21. Qd1 Re6 22. Bc3 Rg6 23. Re2 Re6 24. Be1 Qf6 25. Nc3 Ng5 26. Rb2 Rbe8 27. Nb1 Nf8 28. Nd2 Ng6 29. h4 Nh7 30. Nf1 Qd8 31. Nh2 Nf6 32. Raa2 R6e7 33. Rc2 Qd7 34. Rcb2 Qd8 35. Rc2 Qd7 36. Rab2 Qd8 37. Ra2 1/2-1/2

[Event "4NCL Online Division 4"]
[Site "online"]
[Date "2021.11.16"]
[EventDate "2021.11.16"]
[Round "7.84"]
[White "Mehta, Hatle"]
[WhiteElo "1193"]
[WhiteTeam "Braunstone 1"]
[Black "Peach, Clifford B"]
[BlackElo "1350"]
[BlackTeam "Plymouth 2"]
[Result "1/2-1/2"]
[PlyCount "84"]

1. d4 d5 2. Bf4 e6 3. e3 Bd6 4. Bg3 a6 5. Nf3 Nf6 6. Nbd2 b6 7. c3 O-O 8. Bd3 Be7 9. Qc2 g6 10. Ne5 Bb7 11. Ndf3 Ne4 12. h4 h5 13. Bxe4 dxe4 14. Nd2 Nd7 15. Nxe4 Nxe5 16. Bxe5 Bxh4 17. O-O-O Bxe4 18. Qxe4 Bf6 19. f4 Bxe5 20. dxe5 Qe7 21. Qc6 Rfd8 22. Rd4 Rxd4 23. exd4 Rb8 24. g3 Kg7 25. Kc2 Qd8 26. Kd3 Qc8 27. Ke4 Qb7 28. Qxb7 Rxb7 29. b4 c6 30. c4 Rd7 31. a4 Kf8 32. Rd1 Ke7 33. Rc1 Ke8 34. c5 b5 35. a5 Rd5 36. Rg1 Kf8 37. g4 hxg4 38. Rxg4 Kg7 39. Rh4 Kg8 40. Rg4 Kg7 41. Rh4 Kg8 42. Rg4 Kg7 1/2-1/2

[Event "4NCL Online Division 4"]
[Site "online"]
[Date "2021.11.16"]
[EventDate "2021.11.16"]
[Round "7.92"]
[White "Salisbury, Philip"]
[WhiteElo "1485"]
[WhiteTeam "Morriston Benko"]
[Black "Ali, Shahvez"]
[BlackElo "1801"]
[BlackTeam "Battersea Juniors"]
[Result "0-1"]
[PlyCount "40"]

1. d4 d5 2. e4 dxe4 3. Nc3 Nf6 4. f3 exf3 5. Qxf3 c6 6. h3 g6 7. Bg5 Bg7 8. O-O-O Be6 9. Bxf6 Bxf6 10. d5 Bd7 11. dxc6 Nxc6 12. Ne4 O-O 13. Nc5 Ne5 14. Qe4 Qc7 15. Nb3 Bf5 16. Qe2 Rfd8 17. Nd4 Nd3+ 18. Kb1 Nf4 19. Nb5 Nxe2 20. Nxc7 Rxd1# 0-1

[Event "4NCL Online Division 4"]
[Site "online"]
[Date "2021.11.16"]
[EventDate "2021.11.16"]
[Round "7.93"]
[White "Steiners, Emils"]
[WhiteElo "1713"]
[WhiteTeam "Battersea Juniors"]
[Black "Tonks, Brian"]
[BlackElo "1380"]
[BlackTeam "Morriston Benko"]
[Result "1-0"]
[PlyCount "23"]

1. e4 c5 2. d4 e6 3. Nf3 d6 4. dxc5 Qa5+ 5. Nc3 Qxc5 6. Be3 Qc7 7. Bb5+ Bd7 8. O-O Nf6 9. Bxd7+ Nbxd7 10. Bf4 Be7 11. Nb5 e5 12. Nxc7+ 1-0

[Event "4NCL Online Division 4"]
[Site "online"]
[Date "2021.11.16"]
[EventDate "2021.11.16"]
[Round "7.94"]
[White "Giannini, John"]
[WhiteElo "850"]
[WhiteTeam "Morriston Benko"]
[Black "Doyle, Joshua"]
[BlackElo "1488"]
[BlackTeam "Battersea Juniors"]
[Result "0-1"]
[PlyCount "72"]

1. d4 Nf6 2. Nc3 d5 3. Nf3 c5 4. h3 cxd4 5. Nxd4 e5 6. Nf3 e4 7. Nd4 Bc5 8. e3 Nc6 9. Bb5 Bd7 10. Bxc6 Bxc6 11. O-O O-O 12. Re1 a6 13. a3 Bd6 14. Nf5 Be5 15. Nd4 Qd6 16. g3 Bd7 17. Kh2 h5 18. Rg1 g6 19. Kh1 Bxh3 20. Kh2 Ng4+ 21. Kxh3 Nxf2+ 22. Kh2 Nxd1 23. Nxd1 h4 24. Ne2 Kg7 25. c3 Rh8 26. Kg2 hxg3 27. Kf1 Rh2 28. Nxg3 Bxg3 29. Nf2 Rxf2+ 30. Ke1 Rg2+ 31. Kf1 Rxg1+ 32. Kxg1 Bh2+ 33. Kf1 Qf6+ 34. Kg2 Qf3+ 35. Kxh2 Rh8+ 36. Kg1 Rh1# 0-1

[Event "4NCL Online Division 4"]
[Site "online"]
[Date "2021.11.16"]
[EventDate "2021.11.16"]
[Round "7.101"]
[White "Cepoi, Gesneria-Codruta"]
[WhiteElo "1344"]
[WhiteTeam "Uxbridge Destroyers"]
[Black "Phillips, David"]
[BlackElo "1376"]
[BlackTeam "MK Phoenix 3"]
[Result "0-1"]
[PlyCount "90"]

1. e4 d5 2. e5 Nc6 3. d4 e6 4. Nf3 g6 5. Bb5 Ne7 6. Bg5 Bd7 7. Bf6 Rg8 8. Ng5 a6 9. Bxc6 Bxc6 10. Nxh7 Bg7 11. Bxg7 Rxg7 12. Nf6+ Kf8 13. Nd2 Ng8 14. Qf3 Nxf6 15. exf6 Rh7 16. Qf4 Qd6 17. Qxd6+ cxd6 18. Nf3 Ke8 19. Ng5 Rh8 20. g4 e5 21. dxe5 dxe5 22. O-O-O d4 23. Rde1 Bxh1 24. Rxh1 Rd8 25. Re1 Rxh2 26. Rxe5+ Kf8 27. f3 Rd6 28. Re7 Rxf6 29. Rxb7 Kg7 30. f4 Rf2 31. Ne4 Rf1+ 32. Kd2 R6xf4 33. Ng5 R1f2+ 34. Kd3 Rxg4 35. Ne6+ Kh6 36. Nxd4 Rg3+ 37. Kc4 Rg4 38. c3 Rf6 39. Kb3 Rg5 40. a4 Re5 41. Rc7 g5 42. Nc6 Rc5 43. Ne7 Rxc7 44. Ng8+ Kg6 45. Nxf6 Kxf6 0-1

[Event "4NCL Online Division 4"]
[Site "online"]
[Date "2021.11.16"]
[EventDate "2021.11.16"]
[Round "7.102"]
[White "Cox, Lucian"]
[WhiteElo "1362"]
[WhiteTeam "MK Phoenix 3"]
[Black "Martellotta, Gabriele"]
[BlackElo "1333"]
[BlackTeam "Uxbridge Destroyers"]
[Result "1-0"]
[PlyCount "99"]

1. e4 c5 2. d4 cxd4 3. c3 dxc3 4. Nxc3 Nc6 5. Nf3 d6 6. Bc4 e6 7. O-O Be7 8. Qe2 Nf6 9. Rd1 a6 10. e5 Nd5 11. exd6 Qxd6 12. Nxd5 exd5 13. Rxd5 Qc7 14. Bg5 Be6 15. Bxe7 Nxe7 16. Rd4 Qb6 17. Bxe6 fxe6 18. Re1 O-O 19. Qxe6+ Qxe6 20. Rxe6 Nc6 21. Rd7 Rf7 22. Red6 Re8 23. h3 h6 24. Nd4 Nxd4 25. Rxd4 Re2 26. Rxf7 Kxf7 27. Rd7+ Re7 28. Rxe7+ Kxe7 29. Kf1 Ke6 30. Ke2 Ke5 31. Ke3 g5 32. g3 b5 33. g4 a5 34. b3 b4 35. f3 Kd5 36. f4 gxf4+ 37. Kxf4 Kd4 38. g5 hxg5+ 39. Kxg5 Kc3 40. h4 Kb2 41. h5 Kxa2 42. h6 Kxb3 43. h7 Ka3 44. h8=Q b3 45. Qa1+ Kb4 46. Kf4 a4 47. Ke3 a3 48. Kd3 b2 49. Qa2 Ka4 50. Kc3 1-0

[Event "4NCL Online Division 4"]
[Site "online"]
[Date "2021.11.16"]
[EventDate "2021.11.16"]
[Round "7.103"]
[White "Knight, Samuel"]
[WhiteElo "1317"]
[WhiteTeam "Uxbridge Destroyers"]
[Black "Wayne, Steven"]
[BlackElo "1189"]
[BlackTeam "MK Phoenix 3"]
[Result "1-0"]
[PlyCount "39"]

1. d4 Nf6 2. Bf4 c5 3. e3 cxd4 4. exd4 d5 5. c3 Nc6 6. Nf3 e6 7. Bd3 Nh5 8. Bg3 Nxg3 9. hxg3 g6 10. Nbd2 Bg7 11. Qc2 O-O 12. O-O-O a5 13. Rh2 e5 14. dxe5 Nxe5 15. Nxe5 Bxe5 16. Rdh1 h5 17. Bxg6 fxg6 18. Qxg6+ Bg7 19. Rxh5 Qf6 20. Rh8# 1-0

[Event "4NCL Online Division 4"]
[Site "online"]
[Date "2021.11.16"]
[EventDate "2021.11.16"]
[Round "7.104"]
[White "Tierney, John"]
[WhiteElo "1167"]
[WhiteTeam "MK Phoenix 3"]
[Black "Aggarwal, Jai"]
[BlackElo "1301"]
[BlackTeam "Uxbridge Destroyers"]
[Result "0-1"]
[PlyCount "80"]

1. e4 e5 2. Nf3 Nc6 3. Bc4 Bc5 4. O-O d6 5. d3 Bg4 6. Nbd2 Nf6 7. c3 a6 8. Qb3 O-O 9. Qxb7 Na5 10. Qxa6 Rxa6 11. Bxa6 Nc6 12. b4 Bb6 13. a4 Nh5 14. a5 Ba7 15. Bb7 Ne7 16. b5 Nf4 17. d4 Neg6 18. b6 cxb6 19. axb6 Qxb6 20. Ba6 Ra8 21. Rb1 Qxa6 22. h3 Bxf3 23. Nxf3 Ne2+ 24. Kh2 Nxc1 25. Rfxc1 exd4 26. Nxd4 Rc8 27. Nb5 Bxf2 28. c4 Ne5 29. Ra1 Qc6 30. Rc2 Bb6 31. Rca2 h6 32. Nxd6 Qxd6 33. Ra8 Rxa8 34. Rxa8+ Kh7 35. Rc8 Nxc4+ 36. Kh1 Nd2 37. Re8 Qf4 38. e5 Nf3 39. gxf3 Qxf3+ 40. Kh2 Qf2+ 0-1